Szachy: nie daj się zbić #6 - Nagła śmierć - Statystyki

Ogólne statystyki
  • Ten quiz został rozwiązany 136 razy
  • Średni wynik to 16 z 28
Answers on the Grid
Answers color-coded by a green-red scale on the quiz's grid according to % correct below.
a8
b8
c8
d8
e8
f8
g8
h8
a7
b7
c7
d7
e7
f7
g7
h7
a6
d6
e6
f6
g6
h6
a5
b5
g5
h5
a4
b4
d4
f4
g4
h4
a3
f3
g3
h3
a2
b2
c2
d2
e2
f2
g2
h2
a1
b1
c1
d1
e1
f1
g1
h1
 
Statystyki odpowiedzi
Odpowiedź % Poprawnych
g4
68%
g6
68%
c8
66%
g8
66%
g5
66%
d8
65%
f6
65%
h8
65%
h7
63%
a7
63%
f8
63%
c7
59%
f4
59%
e6
58%
f7
58%
h3
58%
h1
56%
h5
56%
a5
56%
g1
55%
h2
55%
g2
54%
a1
52%
c1
51%
e1
51%
f1
49%
f2
49%
d2
48%
Nie znaleziono quizów pasujących do podanych kryteriów
Rozkład punktacji
Procent ludzi z każdym wynikiem
Percentyl według liczby udzielonych odpowiedzi
Twoja historia wyników
Nie rozwiązałeś tego quizu